000 01372cam a22003734a 4500
020 _a0072410663
020 _a9780072410662
020 _a0072321474
020 _a9780072321470
020 _a0072412224
020 _a9780072412222
020 _a0072412232
020 _a9780072412239
020 _a0071181121
020 _a9780071181129
020 _a0072508051
020 _a9780072508055
040 _cDLC
082 _a657 IRW 2001 A048 Or.
100 1 _aDyckman, Thomas R
245 1 0 _aIntermediate accounting /
246 3 0 _aAccounting
250 _a5th ed
260 _aBoston, Mass. :
_bIrwin/McGraw-Hill,
_c2001
300 _axxiv, 1321, AR-36, I-16 pages :
_billustrations ;
_c29 cm
490 0 _aMcGraw-Hill accounting series
650 0 _aAccounting
700 1 _aDavis, Charles Joseph,
700 1 _aDukes, Roland E
856 4 1 _uhttp://bvbr.bib-bvb.de:8991/F?func=service&doc_library=BVB01&doc_number=009364933&line_number=0001&func_code=DB_RECORDS&service_type=MEDIA
856 4 1 _uhttp://bvbr.bib-bvb.de:8991/F?func=service&doc_library=BVB01&local_base=BVB01&doc_number=009364933&line_number=0001&func_code=DB_RECORDS&service_type=MEDIA
856 4 1 _uhttp://digitool.hbz-nrw.de:1801/webclient/DeliveryManager?application=DIGITOOL-3&owner=resourcediscovery&custom_att_2=simple_viewer&user=GUEST&pid=1152233
942 _cEK
999 _c13850
_d13850